000 00641nam a2200205Ia 4500
005 20260202162634.0
008 241129s9999||||xx |||||||||||||| ||und||
020 _a9780192894915
040 _aRTL
_beng
_cRTL
041 _aeng
_2eng
084 _aY:44 R1
_qRTL
100 _aRothstein Bo
_9725044
245 0 _aControlling corruption: The social contract approach
260 _aUnited Kingdom
_bOxford University Press
_c2021
300 _a viii,192 p.
_bIncludes bibliographical references and index
365 _aINR
_b2507
650 _aSociology
_91113203
942 _cGB
_hY:44, R1
_2CC
_n0
999 _c1224679
_d1224679